00485nam a2200205Ia 4500008004100000020001800041050001400059100001600073245002000089245005000109260001500159260001600174260000900190300001500199300002000214300001000234300002100244440000600265500000800271170918s9999 xx 000 0 und d a9780439555968 bK641 2004 aKlein, Abby aTooth trouble / cby Abby Klein ; illustrated by John McKinley. aNew York : bScholastic, c2004 a95 pages : billustrations ; c19cm. eReady, Freddy ;  a1 a560